Quel est le feat ? rap français (par 3) - Statistiques

Statistiques générales
  • Ce quiz a été pris 1 536 fois
  • Le résultat moyen est 14 sur 33
Statistiques - réponses
Titre Rappeur % Correct
Longue vie Sofiane
85%
Jul
82%
Ninho
81%
La Saleção Alonzo
80%
Coffre plein Koba LaD
77%
Naps
77%
Maes
66%
Hornet La Frappe
62%
Zed
62%
Valise Rim'k
45%
Koba LaD
44%
Ninho
44%
Kimono Sadek
44%
Sapapaya L’Algérino
42%
Billy Jean remix RK
42%
Jul
41%
SCH
40%
SCH
40%
Tue ça Koba LaD
38%
SCH
37%
Freeze Corlone
35%
Guy2bezbar
35%
SDM
35%
Kalash Criminel
31%
Timal
27%
Alonzo
22%
Braquage a l'africaine Sazamyzy
19%
Les professeurs Seth Gueko
18%
Freeze Corleone
17%
Mariée a la street Alonzo
8%
Bosh
7%
DA Uzi
7%
Phazz
1%
Aucun quiz correspondant
Distribution des résultats
% des personnes avec chaque résultat
Percentile par nombre de réponses
Votre historique - résultats
Vous n’avez pas pris ce quiz